Biología 2: (Registro nro. 10332)

Detalles MARC
000 -LIDER
fixed length control field 01394nam a2200361 a 4500
001 - NÚMERO DE CONTROL
Identificador de número de control 0000402
003 - IDENTIFICACDOR DE NÚMERO DE CONTROL
control field DO-SdBNP
005 - DATE AND TIME OF LATEST TRANSACTION
control field 20180314132106.0
007 - CAMPOS FIJOS DE DESCRIPCIÓN FÍSICA
fixed length control field 0000402
008 - ELEMENTOS DE LONGITUD FIJA
fixed length control field 091125s2013 dr a 000 0 spa d
020 ## - ISBN
International Standard Book Number 9789945174793
040 ## - FUENTE DE CATALOGACIÓN
Agencia que crea de manera original el registro BPMSU
Idioma de catalogación spa
Agencia que realiza la transcripción BPMSU
092 ## - LOCALLY ASSIGNED DEWEY DECIMAL CALL NUMBER
Número de clasificación 373.257
Número de ítem (Cutter) B615e, 2do. 2013
245 00 - MENCIÓN DE TITULO
Título Biología 2:
Subtítulo educación media /
Mención de responsabilidad Magda Norelly Salamanca ... [et al.] ; gerencia editorial Anna Rogero Soler ; ilustración Rafael Almanzar
260 ## - PUBLICACIÓN, DISTRIBUCIÓN, ETC. (PIE DE IMPRENTA)
Lugar de publicación, distribución, etc Santo Domingo :
Nombre del editor, distribuidor, etc. SM,
Fecha de publicación, distribución, etc 2013.
300 ## - DESCRIPCIÓN FÍSICA
Extensión 175 p. :
Otros detalles físicos il. ;
Dimensiones 29 cm. + CD ROOM
490 1# - MENCIÓN DE SERIES
Mención de serie Proyecto Sé
504 ## - NOTA DE BIBLIOGRAFÍA, ETC.
Bibliography, etc Bibliografía p: 175
505 0# - NOTA DE CONTENIDO
Título Nutrición en animales y plantas --
-- Relación y reproducción en animales y plantas --
-- La alimentación y los alimentos --
-- Transporte de sustancias y relación --
-- Reproducción en los humanos --
650 ## - ENCABEZAMIENTO DE MATERIA--TEMÁTICO
Término temático o nombre geográfico como elemento de entrada BIOLOGÍA
Subdivisión temática general ENSEÑANZA SECUNDARIA
650 ## - ENCABEZAMIENTO DE MATERIA--TEMÁTICO
Término temático o nombre geográfico como elemento de entrada BIOLOGÍA
Subdivisión temática general EDUCACIÓN SECUNDARIA
650 ## - ENCABEZAMIENTO DE MATERIA--TEMÁTICO
Término temático o nombre geográfico como elemento de entrada EDUCACIÓN SECUNDARIA
Subdivisión geográfica REPÚBLICA DOMINICANA
650 ## - ENCABEZAMIENTO DE MATERIA--TEMÁTICO
Término temático o nombre geográfico como elemento de entrada BIOLOGÍA
Subdivisión temática general LIBROS DE TEXTO
650 ## - ENCABEZAMIENTO DE MATERIA--TEMÁTICO
Término temático o nombre geográfico como elemento de entrada BIOLOGÍA
Subdivisión temática general ESTUDIOS Y EJERCICIOS
700 12 - ASIENTO SECUNDARIO -- NOMBRE PERSONAL
Nombre personal Norelli Salamanca, Magda
700 1# - ASIENTO SECUNDARIO -- NOMBRE PERSONAL
Nombre personal Rogero Soler, Anna
Mención de responsabilidad ed.
700 12 - ASIENTO SECUNDARIO -- NOMBRE PERSONAL
Nombre personal Almanzar, Rafael
Mención de responsabilidad il.
830 #0 - ASIENTO SECUNDARIO DE SERIE--TÍTULO UNIFORME
Título uniforme Proyecto Sé
910 ## - VALIDACIÓN
Validación Validado. Control de calidad MFF
942 ## - ADDED ENTRY ELEMENTS (KOHA)
Source of classification or shelving scheme Dewey Decimal Classification
Koha item type Libros
945 ## - INFORMACIÓN DE PROCESAMIENTO LOCAL
Información de procesamiento local Remanejado para la BNPHU / 2018 VM
956 ## - LOCAL ELECTRONIC LOCATION AND ACCESS (OCLC)
Nombre de host Yngrid Lockward
Número de acceso 10
Existencias
Withdrawn status Lost status Source of classification or shelving scheme Damaged status Not for loan Collection code Home library Current library Date acquired Source of acquisition Total Checkouts Full call number Barcode Date last seen Price effective from Koha item type
    Dewey Decimal Classification     Colección Escolar Biblioteca Pública Metropolitana Salomé Ureña Biblioteca Pública Metropolitana Salomé Ureña 06/09/2016 Donación   373.257 B615e 2do. 2013 BPMSU16060124 06/09/2016 06/09/2016 Libros